00282nam a2200097Ia 4500082000800000245002200008100008700030942000700117008004100124999001900165 aPIE 0aVerswygde vonnis  a PIENAAR, T.C. (Talitha Catherina) Pretoria, 1987 Grootdrukuitg 912972 cBK210817s9999 xx 000 0 und d c401417d401416